[Event "Quebec op"]
[Site "Montreal CAN"]
[Date "1999.07.30"]
[Round "8"]
[White "Moskvitch, Andrei"]
[Black "Mikanovic, Goran"]
[Result "0-1"]
[WhiteElo "2011"]
[BlackElo "2355"]
[PlyCount "76"]
[GameId "2160767911742914"]
[EventDate "1999.07.24"]
[EventType "swiss"]
[EventRounds "9"]
[EventCountry "CAN"]

1. e4 c5 2. Ne2 e6 3. g3 Nc6 4. Bg2 a6 5. O-O d6 6. b3 Nf6 7. Bb2 Be7 8. d4 cxd4 9. Nxd4 Bd7 10. c4 O-O 11. Nc3 Qc7 12. Rc1 Ne5 13. Qd2 Rac8 14. Kh1 Qb8 15. f4 Nc6 16. Nf3 Rfd8 17. Qe2 Be8 18. Nd5 exd5 19. exd5 Rc7 20. dxc6 Bxc6 21. Nd4 Bxg2+ 22. Kxg2 Qc8 23. Qd3 Rc5 24. Rfe1 Bf8 25. b4 Rh5 26. f5 Ng4 27. h4 Ne5 28. Qe2 Rh6 29. Qe4 Nxc4 30. Qd5 b5 31. f6 Rxf6 32. Nc6 Rf5 33. Qe4 d5 34. Qg4 Rf2+ 35. Kh3 Rxb2 36. Qxc8 Rxc8 37. Ne7+ Bxe7 38. Rxe7 Rxb4 0-1

[Event "Quebec op"]
[Site "Montreal CAN"]
[Date "1999.07.30"]
[Round "8"]
[White "Moss, Laurent"]
[Black "Dumouchel, Alain"]
[Result "1-0"]
[WhiteElo "1943"]
[BlackElo "1961"]
[PlyCount "91"]
[GameId "2160767911742915"]
[EventDate "1999.07.24"]
[EventType "swiss"]
[EventRounds "9"]
[EventCountry "CAN"]

1. d4 d5 2. Nf3 Nf6 3. Bg5 e6 4. e3 c6 5. Nbd2 Nbd7 6. Bd3 Be7 7. O-O h6 8. Bh4 O-O 9. Ne5 Nxe5 10. dxe5 Nd7 11. Bxe7 Qxe7 12. f4 Nc5 13. Rf3 Nxd3 14. cxd3 f6 15. Rg3 fxe5 16. fxe5 Bd7 17. Qh5 Qf7 18. Qxf7+ Rxf7 19. Rf3 c5 20. Rc1 b6 21. d4 c4 22. Rxf7 Kxf7 23. e4 Rc8 24. exd5 exd5 25. Rf1+ Ke6 26. Rf3 b5 27. Ra3 b4 28. Ra6+ Rc6 29. Rxc6+ Bxc6 30. Kf2 Kf5 31. Ke3 Be8 32. Nf1 h5 33. Ng3+ Kg4 34. Ne2 h4 35. Nf4 Bc6 36. Ne6 a5 37. Nxg7 a4 38. e6 c3 39. b3 axb3 40. axb3 c2 41. Kd2 c1=Q+ 42. Kxc1 Kf4 43. e7 Ke4 44. e8=Q+ Bxe8 45. Nxe8 Kxd4 46. Kd2 1-0

[Event "Quebec op"]
[Site "Montreal CAN"]
[Date "1999.07.30"]
[Round "8"]
[White "Rosen, Matthew"]
[Black "Luksza, Arkadiusz"]
[Result "1/2-1/2"]
[WhiteElo "1973"]
[BlackElo "2135"]
[PlyCount "121"]
[GameId "2160767911742917"]
[EventDate "1999.07.24"]
[EventType "swiss"]
[EventRounds "9"]
[EventCountry "CAN"]

1. e4 d5 2. exd5 Nf6 3. d4 Nxd5 4. c4 Nb6 5. Nc3 e5 6. dxe5 Qxd1+ 7. Nxd1 Nc6 8. Bd2 Nxe5 9. Ne3 Be6 10. Rc1 O-O-O 11. f4 Ng4 12. Nxg4 Bxg4 13. Be2 Bxe2 14. Nxe2 Bc5 15. b3 Bf2+ 16. Kd1 Rhe8 17. Rf1 Bc5 18. Nc3 c6 19. Kc2 Nd7 20. Rce1 Nf6 21. h3 Kd7 22. g4 Bb4 23. Ne4 Nxe4 24. Bxb4 c5 25. Ba3 Kc6 26. Re2 Ng3 27. Rxe8 Rxe8 28. Rf2 Re2+ 29. Rxe2 Nxe2 30. f5 Nf4 31. Bb2 g6 32. Kd2 gxf5 33. gxf5 Nxh3 34. Ke3 Kd6 35. Kf3 h6 36. Bg7 h5 37. Bf6 Ng1+ 38. Kf2 Nh3+ 39. Kg3 Ng1 40. Kh4 Nf3+ 41. Kxh5 a6 42. Bc3 Nd4 43. Kg5 Ke5 44. f6 Ke4 45. Kh6 Ne6 46. Kh7 Kf5 47. Kh6 b5 48. cxb5 axb5 49. a4 bxa4 50. bxa4 Ke4 51. a5 Kd5 52. Kh7 Kc6 53. Kg8 Ng5 54. Bd2 Ne4 55. Be1 Nxf6+ 56. Kxf7 Nd5 57. Ke6 Nb4 58. Kf5 Kb5 59. Ke4 Kxa5 60. Ke3 Ka4 61. Kd2 1/2-1/2

[Event "Quebec op"]
[Site "Montreal CAN"]
[Date "1999.07.30"]
[Round "8"]
[White "Safranska, Anda"]
[Black "Saint James, Sonny"]
[Result "1-0"]
[WhiteElo "2267"]
[BlackElo "1903"]
[PlyCount "91"]
[GameId "2160767911742919"]
[EventDate "1999.07.24"]
[EventType "swiss"]
[EventRounds "9"]
[EventCountry "CAN"]

1. e4 c5 2. Nf3 Nc6 3. Bb5 g6 4. O-O Nd4 5. Nxd4 cxd4 6. d3 Bg7 7. f4 Nf6 8. Ba4 O-O 9. Nd2 d5 10. Qe2 Ng4 11. Nf3 Qb6 12. exd5 e6 13. h3 Nf6 14. dxe6 Bxe6 15. Ng5 Bd5 16. f5 h6 17. Nf3 Nh5 18. Qe1 Qc7 19. Rf2 Ng3 20. f6 Bxf6 21. Bxh6 Rfd8 22. Qd2 Nf5 23. Bg5 Bxg5 24. Nxg5 Ne3 25. Ne4 Kg7 26. Bb3 Rac8 27. Bxd5 Rxd5 28. c4 Rh5 29. Qe2 f5 30. Nd2 Ng4 31. Nf3 Rch8 32. Re1 Ne3 33. Nxd4 Re8 34. Qf3 Qe5 35. Nc2 f4 36. Nxe3 fxe3 37. Qf7+ Kh6 38. Qf4+ Rg5 39. Rf3 Qxb2 40. Qh4+ Rh5 41. Qf4+ Rg5 42. g4 Qd2 43. Rfxe3 Qxe1+ 44. Rxe1 Rxe1+ 45. Kf2 Ree5 46. h4 1-0

[Event "Quebec op"]
[Site "Montreal CAN"]
[Date "1999.07.30"]
[Round "8"]
[White "Sakr, Nassim"]
[Black "Duong, Thanh Nha"]
[Result "0-1"]
[WhiteElo "2209"]
[BlackElo "2332"]
[PlyCount "52"]
[GameId "2160767911742920"]
[EventDate "1999.07.24"]
[EventType "swiss"]
[EventRounds "9"]
[EventCountry "CAN"]
[SourceTitle "EXT 2000"]
[Source "ChessBase"]
[SourceDate "1999.11.18"]
[SourceVersion "1"]
[SourceVersionDate "1999.11.18"]
[SourceQuality "1"]

1. e4 c5 2. c4 Nc6 3. Nc3 g6 4. g3 Bg7 5. Bg2 d6 6. Nge2 e6 7. O-O Nge7 8. d3 O-O 9. Rb1 b6 10. a3 Bb7 11. b4 Qd7 12. Bd2 Nd4 13. Nxd4 cxd4 14. Ne2 Rac8 15. Qb3 Kh8 16. a4 f5 17. Nf4 e5 18. Nd5 Bxd5 19. exd5 Ng8 20. Rbc1 Bh6 21. Bxh6 Nxh6 22. Bh3 g5 23. f4 gxf4 24. gxf4 Qe7 25. fxe5 Qh4 26. Rf3 Qg5+ 0-1

[Event "Quebec op"]
[Site "Montreal CAN"]
[Date "1999.07.30"]
[Round "8"]
[White "Strassmann, Swantje"]
[Black "Poulin, Maurice"]
[Result "0-1"]
[WhiteElo "2153"]
[BlackElo "2018"]
[PlyCount "64"]
[GameId "2160767911742921"]
[EventDate "1999.07.24"]
[EventType "swiss"]
[EventRounds "9"]
[EventCountry "CAN"]

1. e4 g6 2. d4 Bg7 3. Nf3 d6 4. Bd3 c5 5. c3 cxd4 6. Nxd4 Nf6 7. O-O O-O 8. f4 a6 9. h3 Nbd7 10. Bc2 Qc7 11. Be3 b6 12. Nd2 Bb7 13. N4b3 Rac8 14. Qe1 Qb8 15. Qh4 Qa8 16. Rae1 Rfe8 17. f5 d5 18. Bg5 dxe4 19. Nxe4 Bd5 20. Rf2 b5 21. Nxf6+ exf6 22. Rxe8+ Rxe8 23. Bd2 Ne5 24. Bh6 g5 25. Qh5 Nc4 26. Nd2 Ne3 27. Bb3 Bxb3 28. axb3 Qd5 29. Nf3 Nxf5 30. Nxg5 Re1+ 31. Rf1 Rxf1+ 32. Kxf1 Ng3+ 0-1

[Event "Quebec op"]
[Site "Montreal CAN"]
[Date "1999.07.30"]
[Round "8"]
[White "Zugic, Igor"]
[Black "Linskiy, Oleg"]
[Result "0-1"]
[WhiteElo "2405"]
[BlackElo "2430"]
[PlyCount "70"]
[GameId "2160767911742923"]
[EventDate "1999.07.24"]
[EventType "swiss"]
[EventRounds "9"]
[EventCountry "CAN"]

1. d4 Nf6 2. c4 g6 3. Nf3 Bg7 4. g3 O-O 5. Bg2 d6 6. O-O Nbd7 7. Nc3 e5 8. e4 exd4 9. Nxd4 Re8 10. h3 a6 11. Re1 Rb8 12. Rb1 Ne5 13. Bf1 c6 14. f4 Ned7 15. Bg2 Qc7 16. Be3 c5 17. Ncb5 axb5 18. Nxb5 Qd8 19. Nxd6 Rf8 20. e5 Ne8 21. Nxf7 Rxf7 22. Bd5 Nxe5 23. fxe5 Qe7 24. e6 Rf5 25. g4 Re5 26. Bf4 Rxe1+ 27. Qxe1 Ra8 28. a3 Ra6 29. Qe2 Bxe6 30. Re1 Bd4+ 31. Kh2 Ng7 32. Qe4 Qd7 33. b4 Bxd5 34. cxd5 Rf6 35. Bg5 Qd6+ 0-1

[Event "Quebec op"]
[Site "Montreal CAN"]
[Date "1999.07.31"]
[Round "9"]
[White "Bolduc, Steve"]
[Black "Saint James, Sonny"]
[Result "1-0"]
[WhiteElo "2172"]
[BlackElo "1903"]
[PlyCount "55"]
[GameId "2160767911742924"]
[EventDate "1999.07.24"]
[EventType "swiss"]
[EventRounds "9"]
[EventCountry "CAN"]

1. d4 Nf6 2. c4 g6 3. Nc3 Bg7 4. e4 O-O 5. Be2 d6 6. Bg5 h6 7. Be3 e5 8. d5 Na6 9. h4 Nc5 10. Qc2 a5 11. h5 g5 12. f3 Bd7 13. g4 Qe8 14. Nh3 Nh7 15. O-O Qc8 16. b3 Nf6 17. Nf2 Kh8 18. Kg2 Rg8 19. Rh1 Bf8 20. Bd1 Rb8 21. Be2 c6 22. Rac1 Be7 23. dxc6 bxc6 24. Bxc5 dxc5 25. Nd3 Bd6 26. Na4 Nxg4 27. fxg4 Bxg4 28. Rcf1 1-0

[Event "Quebec op"]
[Site "Montreal CAN"]
[Date "1999.07.31"]
[Round "9"]
[White "Chu, Stefanie"]
[Black "Sakr, Nassim"]
[Result "0-1"]
[WhiteElo "1859"]
[BlackElo "2201"]
[PlyCount "88"]
[GameId "2160767911742925"]
[EventDate "1999.07.24"]
[EventType "swiss"]
[EventRounds "9"]
[EventCountry "CAN"]

1. e4 c5 2. Nf3 d6 3. d4 cxd4 4. Qxd4 Bd7 5. c4 Nc6 6. Qd2 Nf6 7. Nc3 a6 8. Be2 e6 9. b3 Be7 10. Bb2 O-O 11. O-O Qa5 12. a3 Rfc8 13. b4 Qc7 14. h3 b6 15. Rac1 Qb7 16. Qe3 h6 17. Nd2 a5 18. b5 Ne5 19. Na4 Rab8 20. Bd4 Bd8 21. f4 Ng6 22. e5 Ne8 23. g4 dxe5 24. fxe5 Bg5 25. Qf2 Nf4 26. Kh2 f6 27. Rc3 Qc7 28. Nf3 Nxe2 29. Qxe2 Nd6 30. exd6 Qxd6+ 31. Kg2 e5 32. Be3 Bxe3 33. Qxe3 h5 34. gxh5 Qe6 35. Nd2 f5 36. Kh2 f4 37. Qe4 Rd8 38. Nf3 Qxh3+ 39. Kg1 Qg3+ 40. Kh1 Qh3+ 41. Kg1 Qg4+ 42. Kf2 Bf5 43. Qc6 Qg3+ 44. Ke2 e4 0-1

[Event "Quebec op"]
[Site "Montreal CAN"]
[Date "1999.07.31"]
[Round "9"]
[White "Clement, Michel"]
[Black "Michoura, Mikhail"]
[Result "1-0"]
[WhiteElo "2082"]
[BlackElo "2121"]
[PlyCount "79"]
[GameId "2160767911742926"]
[EventDate "1999.07.24"]
[EventType "swiss"]
[EventRounds "9"]
[EventCountry "CAN"]

1. e4 e5 2. d4 exd4 3. c3 dxc3 4. Bc4 Nf6 5. e5 d5 6. Bb5+ Nbd7 7. Nf3 cxb2 8. Bxb2 Bb4+ 9. Nbd2 c6 10. Bd3 Nc5 11. Bc2 Bg4 12. O-O Nfd7 13. h3 Bh5 14. a3 Ba5 15. Rb1 O-O 16. Ba1 Re8 17. Qc1 Bxd2 18. Qxd2 Bxf3 19. gxf3 Qh4 20. Kg2 Nxe5 21. Rb4 Qh5 22. Qc3 Ncd3 23. Bxd3 Qxf3+ 24. Kh2 Qxd3 25. Qxd3 Nxd3 26. Rxb7 Re2 27. Kg3 Ra2 28. Rfb1 h6 29. f3 Rxa3 30. R1b3 Rxb3 31. Rxb3 Nc5 32. Rc3 Ne6 33. Rxc6 a5 34. Rd6 d4 35. f4 g6 36. Kf3 Kf8 37. Ke4 Ke7 38. Rb6 Kd7 39. Rb7+ Ke8 40. Rb6 1-0

[Event "Quebec op"]
[Site "Montreal CAN"]
[Date "1999.07.31"]
[Round "9"]
[White "Feoktistov, Dmitri"]
[Black "Henson, Joshua"]
[Result "1/2-1/2"]
[WhiteElo "1866"]
[BlackElo "2103"]
[PlyCount "69"]
[GameId "2160767911742928"]
[EventDate "1999.07.24"]
[EventType "swiss"]
[EventRounds "9"]
[EventCountry "CAN"]

1. d4 Nf6 2. c4 c5 3. d5 b5 4. f3 g6 5. e4 d6 6. Bd3 Bg7 7. Ne2 Nbd7 8. cxb5 a6 9. Nbc3 Ne5 10. Be3 Qa5 11. bxa6 Nxd3+ 12. Qxd3 Bxa6 13. Qc2 O-O 14. O-O Nd7 15. Rfd1 Rfb8 16. Bg5 Bxe2 17. Qxe2 Rxb2 18. Qxb2 Bxc3 19. Qc2 Bxa1 20. Rxa1 f6 21. Be3 Qa4 22. Qe2 Rb8 23. h3 Qa3 24. Rd1 Rb2 25. Rd2 Rb1+ 26. Kh2 Nb6 27. Bf2 Qb4 28. Rc2 Qb5 29. Qe3 Nc4 30. Qc3 Ne5 31. Qa3 Nd3 32. Qa8+ Qb8 33. Qa5 Qb6 34. Qa8+ Qb8 35. Qa5 1/2-1/2

[Event "Quebec op"]
[Site "Montreal CAN"]
[Date "1999.07.31"]
[Round "9"]
[White "Fillion, Steve"]
[Black "Reddy, Tyler"]
[Result "1-0"]
[WhiteElo "2075"]
[BlackElo "2168"]
[PlyCount "69"]
[GameId "2160767911742929"]
[EventDate "1999.07.24"]
[EventType "swiss"]
[EventRounds "9"]
[EventCountry "CAN"]

1. d4 d5 2. Nf3 Nf6 3. c4 dxc4 4. e3 e6 5. Bxc4 a6 6. Qe2 c5 7. dxc5 Bxc5 8. O-O O-O 9. e4 b5 10. Bd3 h6 11. e5 Nd5 12. Qe4 f5 13. exf6 Qxf6 14. Ne5 Qf5 15. Qe2 Qf6 16. Ng4 Qd4 17. Be4 Bb6 18. Nc3 Ra7 19. Rd1 Nxc3 20. bxc3 Qxc3 21. Bb2 Qc4 22. Bd3 Qf4 23. Be5 Qg5 24. Bxb8 Raf7 25. Bg3 h5 26. Qe4 Rf5 27. Ne3 Rxf2 28. Qh7+ Kf7 29. Bxf2 Ke7 30. Qe4 Bd7 31. Re1 Rxf2 32. Kxf2 Qf6+ 33. Kg1 Bc6 34. Qxc6 Bxe3+ 35. Kh1 1-0

[Event "Quebec op"]
[Site "Montreal CAN"]
[Date "1999.07.31"]
[Round "9"]
[White "Glinert, Stephen"]
[Black "Miezis, Normunds"]
[Result "0-1"]
[WhiteElo "2191"]
[BlackElo "2524"]
[PlyCount "54"]
[GameId "2160767911742930"]
[EventDate "1999.07.24"]
[EventType "swiss"]
[EventRounds "9"]
[EventCountry "CAN"]
[SourceTitle "EXT 2000"]
[Source "ChessBase"]
[SourceDate "1999.11.18"]
[SourceVersion "1"]
[SourceVersionDate "1999.11.18"]
[SourceQuality "1"]

1. e4 c5 2. Nc3 e6 3. g3 Nc6 4. Bg2 g6 5. d3 Bg7 6. Be3 d6 7. Qd2 h6 8. Nge2 e5 9. O-O Nf6 10. h3 Be6 11. f4 Nd4 12. Nd5 Bxd5 13. exd5 O-O 14. Kh2 Nxe2 15. Qxe2 exf4 16. gxf4 Re8 17. Qf2 Qd7 18. f5 Nh5 19. Be4 g5 20. h4 g4 21. Rg1 Nf6 22. Qd2 Qe7 23. Bf2 Nxe4 24. dxe4 Qxe4 25. Bg3 Qxf5 26. Raf1 Qg6 27. Rf2 Bd4 0-1

[Event "Quebec op"]
[Site "Montreal CAN"]
[Date "1999.07.31"]
[Round "9"]
[White "Grondin, Jean-Philippe"]
[Black "Dumouchel, Alain"]
[Result "0-1"]
[WhiteElo "2136"]
[BlackElo "1961"]
[PlyCount "52"]
[GameId "2160767911742931"]
[EventDate "1999.07.24"]
[EventType "swiss"]
[EventRounds "9"]
[EventCountry "CAN"]

1. e4 e5 2. Nf3 Nc6 3. Bb5 a6 4. Ba4 Nf6 5. O-O Be7 6. Bxc6 dxc6 7. Qe1 Be6 8. b3 Nd7 9. Bb2 f6 10. d4 Bg4 11. Nbd2 Bd6 12. Qe3 O-O 13. Rfe1 Qe8 14. Nf1 Qf7 15. Ng3 g6 16. h3 Be6 17. Rad1 Rae8 18. Re2 exd4 19. Nxd4 c5 20. Nxe6 Qxe6 21. Rde1 c4 22. Nf1 cxb3 23. axb3 b5 24. Nh2 Be5 25. Ba3 c5 26. Bxc5 Bxh2+ 0-1

[Event "Quebec op"]
[Site "Montreal CAN"]
[Date "1999.07.31"]
[Round "9"]
[White "Hua, Lefong"]
[Black "Linskiy, Oleg"]
[Result "0-1"]
[WhiteElo "2246"]
[BlackElo "2385"]
[PlyCount "64"]
[GameId "2160767911742933"]
[EventDate "1999.07.24"]
[EventType "swiss"]
[EventRounds "9"]
[EventCountry "CAN"]
[SourceTitle "EXT 2000"]
[Source "ChessBase"]
[SourceDate "1999.11.18"]
[SourceVersion "1"]
[SourceVersionDate "1999.11.18"]
[SourceQuality "1"]

1. c4 Nf6 2. Nc3 e6 3. e4 c5 4. e5 Ng8 5. Nf3 Nc6 6. d4 cxd4 7. Nxd4 Nxe5 8. Ndb5 a6 9. Nd6+ Bxd6 10. Qxd6 f6 11. Bf4 Nf7 12. Qd2 Ne7 13. O-O-O O-O 14. Bd3 d6 15. f3 e5 16. Be3 Be6 17. Kb1 b5 18. Nd5 Kh8 19. Qf2 bxc4 20. Bxc4 Nxd5 21. Bxd5 Bxd5 22. Rxd5 Qd7 23. Qc2 Rfc8 24. Qd3 Rc6 25. Rd1 Rac8 26. g4 Rc4 27. Rc1 e4 28. fxe4 Rxc1+ 29. Bxc1 Qxg4 30. Qxa6 Ne5 31. Rd4 h6 32. Qxd6 Qe2 0-1

[Event "Quebec op"]
[Site "Montreal CAN"]
[Date "1999.07.31"]
[Round "9"]
[White "Khassanov, Marat"]
[Black "Moss, Laurent"]
[Result "1-0"]
[WhiteElo "2406"]
[BlackElo "1943"]
[PlyCount "117"]
[GameId "2160767911742934"]
[EventDate "1999.07.24"]
[EventType "swiss"]
[EventRounds "9"]
[EventCountry "CAN"]

1. e4 c5 2. Nf3 d6 3. d4 cxd4 4. Nxd4 Nf6 5. Nc3 g6 6. Be2 Bg7 7. O-O Nc6 8. Nb3 O-O 9. Re1 a5 10. a4 Be6 11. Bf1 Rc8 12. Nd5 Bxd5 13. exd5 Nb4 14. c4 Nd7 15. f4 Nb6 16. Nxa5 N6xd5 17. cxd5 Qxa5 18. Rxe7 Nc2 19. Rb1 Qc5+ 20. Kh1 Rfe8 21. Rxe8+ Rxe8 22. Bd2 Nd4 23. Bc3 Qxd5 24. Qd3 Qc5 25. b4 Qa7 26. a5 Nf5 27. Bd2 Qf2 28. Qd5 Bd4 29. Bc4 Re7 30. Rd1 Qxd2 31. Qxf7+ Rxf7 32. Rxd2 Bc3 33. Bxf7+ Kxf7 34. Rd5 Bxb4 35. Rb5 Bc5 36. Rxb7+ Ne7 37. a6 d5 38. a7 Bxa7 39. Rxa7 Ke6 40. Kg1 d4 41. Kf2 Nd5 42. Ra6+ Ke7 43. g3 d3 44. Ra3 Nb4 45. Rb3 d2 46. Ke2 Nc6 47. Rb7+ Ke6 48. Rxh7 Kf5 49. Kxd2 Nd4 50. Kd3 Nc6 51. Rb7 Nd8 52. Rb6 Nf7 53. h3 Nd8 54. Ke3 Ne6 55. g4+ Kf6 56. g5+ Kf7 57. Rxe6 Kxe6 58. Ke4 Kd6 59. f5 1-0

[Event "Quebec op"]
[Site "Montreal CAN"]
[Date "1999.07.31"]
[Round "9"]
[White "Langen, Roger"]
[Black "Zugic, Igor"]
[Result "0-1"]
[WhiteElo "2106"]
[BlackElo "2405"]
[PlyCount "54"]
[GameId "2160767911742936"]
[EventDate "1999.07.24"]
[EventType "swiss"]
[EventRounds "9"]
[EventCountry "CAN"]

1. e4 Nf6 2. Qe2 c5 3. g3 d6 4. Bg2 Nc6 5. Na3 e5 6. Nf3 Be7 7. O-O Bg4 8. c3 Qd7 9. d3 h5 10. h4 O-O-O 11. Nc2 Nh7 12. d4 g5 13. d5 Nb8 14. b4 gxh4 15. bxc5 dxc5 16. Qd3 Bf6 17. Qc4 b6 18. Be3 Rdg8 19. Nh2 Be7 20. d6 Be6 21. Qe2 Qxd6 22. Rad1 Qc7 23. Na3 a6 24. Nc4 hxg3 25. fxg3 Rxg3 26. Nxe5 Rhg8 27. Rf2 Qxe5 0-1

[Event "Quebec op"]
[Site "Montreal CAN"]
[Date "1999.07.31"]
[Round "9"]
[White "Luksza, Arkadiusz"]
[Black "Michaud, Gerald"]
[Result "1/2-1/2"]
[WhiteElo "2135"]
[BlackElo "2016"]
[PlyCount "96"]
[GameId "2160767911742937"]
[EventDate "1999.07.24"]
[EventType "swiss"]
[EventRounds "9"]
[EventCountry "CAN"]

1. d4 Nf6 2. c4 e6 3. Nf3 d5 4. Nc3 Be7 5. cxd5 exd5 6. Qc2 c6 7. Bg5 O-O 8. e3 h6 9. Bh4 Nbd7 10. Bd3 Re8 11. O-O Ne4 12. Bxe7 Qxe7 13. Rab1 Ndf6 14. Ne5 Nxc3 15. bxc3 Ng4 16. Nf3 Be6 17. Rb2 Rad8 18. Rfb1 Bc8 19. c4 Kh8 20. cxd5 Rxd5 21. h3 Nxe3 22. fxe3 Qxe3+ 23. Kh1 Qf4 24. Re1 Rxe1+ 25. Nxe1 Qxd4 26. Qf2 Qxf2 27. Rxf2 Be6 28. Bc2 Ra5 29. Rd2 g6 30. Bb3 Bxb3 31. axb3 Ra1 32. Re2 Rb1 33. Re3 f5 34. Kh2 f4 35. Re8+ Kg7 36. Nd3 Rxb3 37. Nxf4 g5 38. Ne2 a5 39. Ra8 b6 40. Nd4 Rc3 41. Ra6 Rc4 42. Nf5+ Kf6 43. Nd6 Rb4 44. Nc8 Ke6 45. Nxb6 Kd6 46. Nc8+ Kc7 47. Ne7 a4 48. Nxc6 Rb6 1/2-1/2

[Event "Quebec op"]
[Site "Montreal CAN"]
[Date "1999.07.31"]
[Round "9"]
[White "Mikanovic, Goran"]
[Black "Safranska, Anda"]
[Result "1/2-1/2"]
[WhiteElo "2310"]
[BlackElo "2267"]
[PlyCount "89"]
[GameId "2160767911742938"]
[EventDate "1999.07.24"]
[EventType "swiss"]
[EventRounds "9"]
[EventCountry "CAN"]
[SourceTitle "EXT 2000"]
[Source "ChessBase"]
[SourceDate "1999.11.18"]
[SourceVersion "1"]
[SourceVersionDate "1999.11.18"]
[SourceQuality "1"]

1. d4 Nf6 2. c4 g6 3. Nc3 Bg7 4. e4 d6 5. Nf3 O-O 6. Be2 e5 7. O-O Nc6 8. d5 Ne7 9. b4 a5 10. Ba3 b6 11. bxa5 Nh5 12. Re1 Nf4 13. Bf1 f5 14. h3 fxe4 15. Nxe4 h6 16. Bb4 bxa5 17. Bc3 Kh8 18. Rc1 Bf5 19. c5 Bxe4 20. Rxe4 Nfxd5 21. cxd6 cxd6 22. Bb5 Nb4 23. Qe2 Ned5 24. Nh4 Qf6 25. Bb2 g5 26. Nf3 Nxa2 27. Rc6 Qd8 28. Nxe5 dxe5 29. Rxe5 Nac3 30. Rxc3 Nxc3 31. Bxc3 Qc7 32. Bb2 Rad8 33. Re6 Rd4 34. Bxd4 Qc1+ 35. Kh2 Qf4+ 36. g3 Qxd4 37. Re3 a4 38. Re8 a3 39. Rxf8+ Bxf8 40. Qf3 Bc5 41. Qa8+ Kg7 42. Qb7+ Kf6 43. Qc6+ Ke7 44. Qb7+ Kf6 45. Qc6+ 1/2-1/2

[Event "Quebec op"]
[Site "Montreal CAN"]
[Date "1999.07.31"]
[Round "9"]
[White "Nogueiras, Jesus"]
[Black "Ghannoum, Marc"]
[Result "1-0"]
[WhiteElo "2559"]
[BlackElo "2180"]
[PlyCount "159"]
[GameId "2160767911742939"]
[EventDate "1999.07.24"]
[EventType "swiss"]
[EventRounds "9"]
[EventCountry "CAN"]
[SourceTitle "EXT 2000"]
[Source "ChessBase"]
[SourceDate "1999.11.18"]
[SourceVersion "1"]
[SourceVersionDate "1999.11.18"]
[SourceQuality "1"]

1. c4 e5 2. g3 Nc6 3. Bg2 f5 4. Nc3 Nf6 5. Nf3 Bc5 6. Nxe5 Bxf2+ 7. Kxf2 Nxe5 8. d3 O-O 9. Rf1 d6 10. Kg1 c6 11. h3 Be6 12. Kh2 d5 13. cxd5 Nxd5 14. Qa4 Qb6 15. Qc2 Ne3 16. Bxe3 Qxe3 17. Qc1 Qxc1 18. Raxc1 Rad8 19. b4 Rd4 20. a3 a6 21. Na4 Bd5 22. Nc5 Bxg2 23. Kxg2 Rf7 24. Rf4 Rd5 25. Rcf1 Ng6 26. Rc4 Re5 27. Rf2 h5 28. e4 fxe4 29. Rxf7 Kxf7 30. dxe4 Re7 31. Rd4 Ne5 32. Kf2 b6 33. Nb3 Rd7 34. Ke3 Rxd4 35. Kxd4 Nf3+ 36. Ke3 Ne5 37. a4 g5 38. a5 bxa5 39. Nxa5 Ke6 40. Nb7 Nc4+ 41. Kd4 Ne5 42. Nc5+ Kd6 43. Nxa6 h4 44. gxh4 Nf3+ 45. Ke3 Nxh4 46. Nc5 Ng6 47. Nd3 Nh4 48. Kf2 Ke6 49. Kg3 Kf6 50. Kg4 Ng2 51. Kf3 Nh4+ 52. Kg3 Ng6 53. Kg4 Ne7 54. Kf3 Ng6 55. Ke3 Nf8 56. Kd4 Ne6+ 57. Kc4 Ke7 58. Ne5 Kd6 59. Nf3 Kd7 60. e5 Kc7 61. Kc3 Kb6 62. Kc4 Kc7 63. Ng1 Nf4 64. Kd4 Kd7 65. Ke4 Ke6 66. h4 Ng6 67. hxg5 Nxe5 68. Nf3 Ng6 69. Ne1 Ne7 70. Nd3 Kd6 71. Nf4 c5 72. bxc5+ Kxc5 73. Ke5 Nc6+ 74. Kf6 Kd6 75. g6 Ne7 76. g7 Ng8+ 77. Kf7 Nh6+ 78. Kg6 Ng8 79. Kh7 Nf6+ 80. Kh8 1-0

[Event "Quebec op"]
[Site "Montreal CAN"]
[Date "1999.07.31"]
[Round "9"]
[White "Poulin, Maurice"]
[Black "Larochelle, Martial"]
[Result "1-0"]
[WhiteElo "2018"]
[BlackElo "2260"]
[PlyCount "87"]
[GameId "2160767911742940"]
[EventDate "1999.07.24"]
[EventType "swiss"]
[EventRounds "9"]
[EventCountry "CAN"]

1. e4 c5 2. Nf3 d6 3. Bb5+ Nd7 4. d4 cxd4 5. Qxd4 Ngf6 6. Nc3 e6 7. e5 dxe5 8. Nxe5 Be7 9. Nxd7 Bxd7 10. Bxd7+ Qxd7 11. Qxd7+ Kxd7 12. Bf4 Rhd8 13. O-O-O+ Ke8 14. Rxd8+ Rxd8 15. Rd1 Rc8 16. Nb5 Nd5 17. Nd6+ Bxd6 18. Bxd6 Rc6 19. Bb8 a6 20. a3 f6 21. Rd3 Kf7 22. Kd2 g5 23. b3 b5 24. h4 gxh4 25. Rd4 Rc8 26. Ba7 Ra8 27. Rxh4 Kg6 28. Be3 Nxe3 29. Kxe3 Rc8 30. Kd3 e5 31. c4 f5 32. Rh1 Rd8+ 33. Kc2 bxc4 34. bxc4 Rd4 35. Kc3 Rd7 36. Rb1 e4 37. c5 Rd3+ 38. Kc4 f4 39. c6 Rd2 40. Rc1 Rd8 41. c7 Rc8 42. Kd5 Kf5 43. Kd6 e3 44. f3 1-0

[Event "Quebec op"]
[Site "Montreal CAN"]
[Date "1999.07.31"]
[Round "9"]
[White "Reeve, Jeff"]
[Black "Marineau, Remi"]
[Result "1-0"]
[WhiteElo "2264"]
[BlackElo "2086"]
[PlyCount "81"]
[GameId "2160767911742941"]
[EventDate "1999.07.24"]
[EventType "swiss"]
[EventRounds "9"]
[EventCountry "CAN"]

1. e4 c5 2. Nf3 e6 3. d4 cxd4 4. Nxd4 Nf6 5. Nc3 d6 6. g4 h6 7. g5 hxg5 8. Bxg5 Be7 9. Qd2 Nc6 10. O-O-O Qa5 11. Nb3 Qb6 12. h4 a6 13. Be2 Bd7 14. f4 O-O-O 15. h5 Na5 16. Bh4 Nxb3+ 17. axb3 Bc6 18. Bf3 Qa5 19. Kb1 Qc7 20. Qe3 Kb8 21. e5 dxe5 22. fxe5 Ng4 23. Bxg4 Rxd1+ 24. Rxd1 Bxh4 25. Rf1 Re8 26. Bh3 f5 27. exf6 gxf6 28. Bxe6 Bg5 29. Qh3 b5 30. Bd5 Bd7 31. Qg2 b4 32. Na4 Bb5 33. Rf2 Re1+ 34. Ka2 Qa5 35. Ba8 Kc8 36. Rf5 Kd7 37. Rxg5 fxg5 38. Qd2+ Kc7 39. Qxe1 Bxa4 40. bxa4 Qxa4+ 41. Kb1 1-0

[Event "Quebec op"]
[Site "Montreal CAN"]
[Date "1999.07.31"]
[Round "9"]
[White "Rosen, Matthew"]
[Black "Loadman, Ian"]
[Result "0-1"]
[WhiteElo "1973"]
[BlackElo "2106"]
[PlyCount "92"]
[GameId "2160767911742942"]
[EventDate "1999.07.24"]
[EventType "swiss"]
[EventRounds "9"]
[EventCountry "CAN"]

1. e4 g6 2. d4 Bg7 3. Nc3 d6 4. Bg5 c6 5. Qd2 b5 6. Nf3 Nd7 7. Bd3 a6 8. a4 b4 9. Ne2 a5 10. O-O h6 11. Bh4 Qc7 12. Rfe1 e5 13. c3 bxc3 14. Qxc3 Ngf6 15. Rac1 Bb7 16. dxe5 dxe5 17. Bxf6 Bxf6 18. Bb5 Rc8 19. Rc2 O-O 20. b3 Qb6 21. Bc4 Rcd8 22. h4 Be7 23. Rd1 Bb4 24. Qb2 Nf6 25. Rf1 Nxe4 26. Nxe5 Nxf2 27. Nd4 Bc5 28. Rcxf2 Bxd4 29. Qc2 Kh7 30. Kh1 Bxf2 31. Qxf2 Qxf2 32. Rxf2 Rd1+ 33. Kh2 f5 34. Re2 Re8 35. Bf7 Re7 36. Bxg6+ Kg7 37. Bxf5 Rd5 38. Rc2 Rdxe5 39. Bg4 Re3 40. Bf3 Rxb3 41. Rc5 Rb4 42. Rxa5 Rd4 43. Rc5 Kf6 44. a5 Rd6 45. Rc3 Ba6 46. Bxc6 Re5 0-1